[Event "GRE-chT 30th"]
[Site "Athens"]
[Date "2001.07.07"]
[Round "1"]
[White "Anagnostopoulos, Dimitrios"]
[Black "Atalik, Suat"]
[Result "0-1"]
[WhiteElo "2455"]
[BlackElo "2532"]
[Annotator "Atalik,S"]
[PlyCount "56"]
[EventDate "2001.07.07"]
[EventType "team"]
[EventRounds "9"]
[EventCountry "GRE"]
[SourceTitle "EXT 2003"]
[Source "ChessBase"]
[SourceDate "2002.11.25"]
[SourceVersion "1"]
[SourceVersionDate "2002.11.25"]
[SourceQuality "1"]

1. e4 e6 2. d4 d5 3. Nc3 Nf6 4. Bg5 Be7 5. e5 Nfd7 6. Bxe7 Qxe7 7. f4 a6 $5 {
An interesting variation.} (7... O-O 8. Nf3 c5 9. Qd2 Nc6 10. dxc5 {is the
other way to handle this line.}) 8. Nf3 c5 9. Qd2 Nc6 10. dxc5 Qxc5 11. O-O-O
Nb6 12. Kb1 Bd7 13. Bd3 h6 $5 {This is a useful move.Now black can castle to
any side of the board he wants.} ({Black does not have enough on the queenside
yet.} 13... Na5 14. Ne2 (14. b3 Qb4 $5 15. Ne4 Qxd2 16. Nd6+ Ke7 17. Rxd2 Rab8
$11 18. Ng5 $140 f6) 14... Nac4 15. Qe1 $14) (13... Nc4 $6 14. Bxc4 Qxc4 15. f5
$36) 14. Ne2 O-O-O 15. c3 Kb8 ({Since d6 is weak,black should prepare the
exchange on c4 with the possibility to capture back by the pawn.} 15... Nc4 $6
16. Bxc4 dxc4 17. Ng3 f5 18. exf6 gxf6 19. Ne4 Qf5 20. Qe2 $1 $16) 16. Ned4 Rc8
17. g4 (17. Nb3 Qe7 18. Qe3 Na4 $1 $13 (18... Ka7 $2 19. a4)) 17... Nc4 18.
Bxc4 $2 {This move was played by white almost without thinking,I believe here
around the iniative has gone on black's side.} (18. Qe2 $142 Rc7 $132 (18... b5
$5 $13)) 18... dxc4 19. b4 $5 {Tactics!} Qb6 $1 (19... cxb3 $6 20. Nxb3 Qf8 $8
21. Qe3 $1 {gives white space advantage.}) 20. Nc2 Rhd8 21. Qe3 ({allows some
more tactics.} 21. Ne3 $6 Nxb4 $1 22. cxb4 Ba4 $1 (22... c3 $4 23. Qd6+ $18) (
22... Bc6 $5 23. Nxc4 Be4+ $1 (23... Rxd2 $6 24. Nxb6 Rxd1+ 25. Rxd1 Bxf3 26.
Nxc8 Bxd1 27. Nd6 Bxg4 28. Nxf7 $11) (23... Qc7 $6 24. Nd6 Bxf3 25. Rc1 Qd7 26.
Rxc8+ Rxc8 27. Rg1 Rc7 $13) 24. Ka1 Qc7 (24... Rxd2 25. Nxb6 Rxd1+ 26. Rxd1
Bxf3 27. Nxc8 Bxd1 28. Nd6 Bxg4 29. Nxf7 $11) 25. Nd6 Bxf3 26. Rc1 Bxh1 27.
Rxc7 Rxc7 $13) 23. Nxc4 (23. Qc3 Bxd1 (23... Rd3 $2 24. Rxd3 cxd3 25. Qd2 $18)
24. Rxd1 Qc6 $17) 23... Rxd2 24. Nxb6 Rxd1+ 25. Rxd1 Bxd1 26. Nxc8 Kxc8 $17)
21... Qc7 22. Qc5 Na7 $1 (22... b6 23. Qd6 (23. Qxc4 Ne7 24. Qxa6 $5 {looks
very risky.} Bc6 25. Rxd8 Rxd8 26. Rf1 Be4 $1 $40) 23... Be8 24. Qxc7+ Kxc7 25.
Ncd4 Ne7 $15) 23. Qxc7+ Kxc7 24. Rhe1 Ba4 $1 25. Rxd8 Rxd8 26. Ncd4 Bc6 $3 {
Very strong and surprisingly white is in deep trouble.} 27. Ng1 {There is no
way to prevent black rook's penetration.} (27. Kc2 Bxf3 28. Nxf3 Rd3 $17) (27.
Re3 Bxf3 28. Rxf3 (28. Nxf3 Rd1+) 28... Nc6 29. Nxc6 Kxc6 30. Kc2 Kd5 31. Re3
g5 32. Re2 Rh8 $1 $17) 27... Nb5 28. Nge2 $4 {Collapse,but even after the best
white is seriously worse.} (28. Nxc6 Kxc6 $17 (28... bxc6 $6 29. Kc2 c5 $6 30.
a4 Na3+ 31. Kb2 cxb4 32. cxb4 Rd3 33. Rc1 Rb3+ 34. Ka2 Re3 $11)) 28... Nxc3+ (
28... Nxc3+ 29. Nxc3 Rxd4 30. Rf1 Bg2 31. Rf2 Bh3 $19) 0-1

[Event "US op 102nd"]
[Site "Framingham"]
[Date "2001.08.10"]
[Round "7"]
[White "Kriventsov, Stanislav G"]
[Black "Atalik, Suat"]
[Result "1/2-1/2"]
[WhiteElo "2345"]
[BlackElo "2537"]
[Annotator "Atalik,S"]
[PlyCount "89"]
[EventDate "2001.08.04"]
[EventType "swiss"]
[EventRounds "9"]
[EventCountry "USA"]
[SourceTitle "CBM 083 Extra"]
[Source "ChessBase"]
[SourceDate "2001.09.11"]
[SourceVersion "1"]
[SourceVersionDate "2001.09.11"]
[SourceQuality "1"]

1. e4 e6 2. d4 d5 3. Nc3 Nf6 4. Bg5 Be7 5. e5 Nfd7 6. Bxe7 Qxe7 7. f4 a6 8. Nf3
c5 9. dxc5 Qxc5 10. Qd4 $6 {Draw offer.In my opinion with this move white
loses all his opening advantage.} (10. Qd2 $142) 10... Qxd4 $1 {There is only
one person who ever has gone for this move:Adolf Albin.Of course he had
already grasped the principles about blockade.} 11. Nxd4 g5 $1 12. g3 Nc6 13.
Nce2 Rg8 $1 {Everything according to Adolf's recipe.Black does not allow Bg2.}
14. Kf2 $5 {Interesting conception.White's king walks to e3 where he will keep
the center intact.} Nc5 15. Ke3 (15. Bg2 Bd7 16. Bf3 $13) 15... Bd7 16. Nf3 (
16. Bh3 Ke7 17. Rhg1 Rg7 18. Rad1 Rag8 $36) 16... h6 17. h4 Ne4 (17... gxf4+
18. gxf4 Ne4 19. Rg1 Rxg1 20. Nexg1 Ke7 21. Bd3 $132) 18. hxg5 hxg5 19. fxg5 $1
{Now white is about to lose a pawn but the resulting position is most likely
equal.} Rc8 $1 {getting the rook out of danger and setting up Nb4 threat.} 20.
Kf4 $1 Nb4 21. Ned4 (21. a3 $2 Nxc2 22. Rc1 Nf2 $17) 21... Nxc2 22. Rc1 Nxd4
23. Rxc8+ Bxc8 24. Nxd4 Nxg5 25. Bd3 Ke7 26. Rh6 $1 $11 {The right direction.}
(26. Rc1 $2 Nh3+ 27. Kf3 f6 28. Rc7+ Kd8 29. Rxc8+ Kxc8 30. Nxe6 Ng5+ 31. Nxg5
fxg5 $19) 26... Bd7 27. a3 a5 28. Nb3 $1 {In this type of positions it is
important not to move the b pawn.} a4 29. Nd4 Bc6 (29... Ne4 30. Bxe4 dxe4 31.
Rh2 f5 32. exf6+ Kxf6 33. Rh6+ $11) 30. Rh5 Ne4 (30... f6 {does not work
efficiently.} 31. exf6+ Kxf6 32. Rh6+ Ke7 (32... Kf7 33. Rh5 Kf6 34. Rh6+ $11)
33. Bg6 Nh3+ 34. Ke5 Ng5 $11) 31. Bxe4 dxe4 32. Nxc6+ bxc6 33. Rh2 $1 $11 f5
34. exf6+ Kxf6 35. Rc2 e3 36. Kf3 Ke5 {From this point on black started to
play risky to force the game.} (36... Kf5 $11) 37. Rxc6 Rb8 $6 (37... e2 38.
Kxe2 Rxg3 39. Rc4 $11) 38. Rc4 Rxb2 39. Rxa4 Kd5 40. Re4 e5 41. Rxe3 Kd4 42.
Re4+ Kd5 43. Re2 (43. g4 Rh2 44. Ra4 Rh3+ $11) 43... Rb3+ 44. Re3 e4+ 45. Kf2 (
45. Kf4 Rb1) (45. Kf2 Rb2+ 46. Re2 Rb3 47. Ra2 (47. Re3 $11) 47... Rf3+ 48. Kg2
Rf8 49. a4 e3 50. a5 Ke4 51. a6 Kd3 52. a7 e2 53. Ra1 Ra8 54. Kf2 Rf8+ $11)
1/2-1/2

[Event "Bundesliga 0607"]
[Site "Germany"]
[Date "2007.02.25"]
[Round "11.5"]
[White "Bindrich, Falko"]
[Black "Bischoff, Klaus"]
[Result "1-0"]
[WhiteElo "2482"]
[BlackElo "2526"]
[Annotator "Bindrich,F"]
[PlyCount "83"]
[EventDate "2006.10.28"]
[EventType "team-tourn"]
[EventRounds "15"]
[EventCountry "GER"]
[SourceTitle "CBM 118"]
[Source "ChessBase"]
[SourceDate "2007.05.31"]
[SourceVersion "1"]
[SourceVersionDate "2007.05.31"]
[SourceQuality "1"]
[WhiteTeam "Remagen"]
[BlackTeam "Bindlach"]
[WhiteTeamCountry "GER"]
[BlackTeamCountry "GER"]

1. e4 e6 2. d4 d5 3. Nc3 Nf6 4. Bg5 Be7 5. e5 Nfd7 6. Bxe7 Qxe7 7. f4 a6 8. Nf3
Nb6 $5 {A rare line which was played once by Morozevich. But Morozevich is
simply unique so it is maybe not that recommendable to copy him.} (8... c5 {
is the main line}) 9. Bd3 (9. Qd2 Bd7 10. a4 {This is the best way to fight
the knight on b6.} (10. O-O-O Bb5 11. Nxb5 axb5 12. Bxb5+ c6 13. Bd3 Rxa2 14.
Kb1 Ra4 15. g4 Nc4 16. Bxc4 dxc4 17. Ng5 b5 18. Qe3 Na6 19. c3 Nc7 20. Ne4 Nd5
21. Qf3 O-O 22. f5 b4 23. Rhf1 bxc3 24. Nxc3 Nxc3+ 25. Qxc3 Rb8 26. Rf3 Rb3 27.
Qc2 Qa7 28. Qf2 c3 {0-1 Inarkiev,E-Morozevich,A/Krasnoyarsk 2003/CBM 098/
[Kortschnoj]}) 10... Qb4 11. b3 Nc6 12. Nd1 Qxd2+ 13. Kxd2 f6 14. Ne3 O-O 15.
c3 Be8 16. Bd3 Bh5 17. g4 Be8 18. exf6 Rxf6 19. a5 Nc8 20. f5 N8e7 21. Rhf1 Bd7
22. g5 Rff8 23. f6 gxf6 24. gxf6 Rxf6 25. Ng4 Rf4 26. Nfe5 Rxf1 27. Rxf1 Nxe5
28. Nxe5 Be8 29. Rf6 Kg7 30. Rxe6 Ng8 31. Nf3 Bf7 32. Re5 Re8 33. Rxe8 Bxe8 34.
Ng5 h6 35. Ne6+ Kf6 36. Nxc7 Bc6 37. c4 dxc4 38. bxc4 Ne7 39. Kc3 Bf3 40. d5
Ke5 41. Kb4 Kd4 42. Bf1 Nf5 43. Bh3 Nd6 44. c5 Nf7 45. d6 Bc6 46. Bc8 Ke5 47.
Ne6 Bd5 48. Ng7 Be4 49. d7 Nd8 50. Ne8 Bc6 51. Nd6 Ke6 52. Nxb7 Bxb7 53. Bxb7
Nxb7 54. c6 Nd8 55. Kc5 Nf7 56. Kb6 Kd6 57. d8=Q+ Nxd8 58. c7 {1-0 Naiditsch,
A-Sakaev,K/Rethymnon 2003/CBM 098/[Finkel,A]}) 9... Bd7 10. O-O Nc6 11. Kh1 f6
$146 {Bischoff deviates from a line he lost 3 years ago in brilliant style
against my friend David Baramidze. By the way, when Bischoff played 11...f6
David Baramidze, who plays in Bischoff's team, crossed our board. We looked
into each other's eyes and we both simply had to smile...} (11... h6 12. Ne2
Nb4 13. a3 Nxd3 14. cxd3 O-O-O 15. Qd2 Kb8 16. Rfc1 f6 17. Qa5 Be8 18. a4 Qd7
19. Nd2 Rc8 20. Nb3 Nxa4 21. Nc3 Nxc3 22. bxc3 Qb5 23. Qa3 Qxd3 24. Nc5 Qc4 25.
Rcb1 Bb5 26. Rb4 Qe2 27. c4 {1-0 Baramidze,D-Bischoff,K/Pulvermuehle 2004/CBM
100/[Finkel,A]}) 12. a3 (12. a4 {This idea, as shown by Naiditsch, is the most
effective.}) 12... fxe5 13. fxe5 O-O-O 14. Qd2 Rdf8 15. Ne2 Be8 16. Rf2 g5 {
Here my opponent offered a draw. Objectively seen, my position is not better
any longer, but I simply wanted to win.} 17. Raf1 h6 18. Qe3 Qg7 19. Nd2 Rxf2
20. Qxf2 Na4 21. b3 (21. Qf6 Qxf6 22. exf6 Rf8) 21... Nb2 22. Nc1 Nxd3 23. Nxd3
b6 24. Nb4 Nb8 (24... Nxb4 25. axb4 Bg6 26. c3 Bd3 27. Qf6 Qxf6 28. Rxf6 Kd7
29. Kg1) 25. c4 $5 {White has some pressure.} (25. Qf6 Qxf6 26. Rxf6 Kd7 {
and Black has no problems in the resulting endgame.}) 25... a5 26. Na2 Bc6 27.
Nc3 Rd8 28. Qe3 (28. Qf6 Qxf6 29. exf6 Nd7 {Again, without queens it is easier
for Black to reduce White's ambitions.}) 28... Qe7 29. a4 Bb7 30. Nb5 Nc6 31.
Rc1 (31. Rf6 dxc4 32. bxc4 Qb4 33. Rf7 (33. Rxe6 Qxa4) 33... Ne7 34. h3 Kb8 $13
) 31... dxc4 (31... Kb8) 32. bxc4 Kb8 (32... Qb4 33. Rb1 (33. d5 exd5 34. e6
Kb8) 33... Qe7 (33... Qxa4 34. d5 $1 exd5 35. e6 Qc2 36. Qg3 Qh7 37. Rf1 $16)
34. Ne4 $11) 33. c5 Nb4 $6 (33... bxc5 $1 34. Rxc5 Rxd4 (34... Nxd4 35. Rxc7)
35. Rxc6 Rxd2 36. Qa7+ Kc8 37. Nd6+ Qxd6 38. Rxd6 cxd6 39. h4 Rxg2 40. exd6
Rg4+ 41. Kh2 Rg2+ 42. Kh1 {Would have been a nice end of that game.}) 34. Nc4
$138 (34. cxb6 cxb6 35. Nd6 (35. Nc4 Nd5 36. Qg1 Nf4 37. Rc2 Qh7) 35... Rf8 36.
N2c4 Qc7 37. Kg1 $13) 34... Nd5 35. Qb3 Rf8 $6 $138 (35... Nf4 36. cxb6 Bxg2+
37. Kg1 cxb6 38. Nbd6 Qc7 39. Rc2 Bd5 40. Qxb6+ Qxb6 41. Nxb6 Bb7 42. Kf2 $14)
36. cxb6 cxb6 37. Nbd6 Nb4 $2 (37... Qc7 38. Kg1 $14) 38. Ne3 $6 (38. Kg1 $5) (
38. Qb1 $142 $1 Ka7 39. Nxb7 Kxb7 (39... Qxb7 40. Nd6) 40. Qe4+ Ka7 41. Nd6) (
38. Nxb6 Qc7 39. Nbc4 Rf2 40. Nxb7 Qxb7 41. Rg1 $16) 38... Rf4 39. Qc4 $6 (39.
Nxb7 $142 Kxb7 40. Nc4 Rxd4 41. Nd6+ Rxd6 42. exd6 Qxd6 43. Qf3+ Nd5 44. Qf7+
Nc7 45. Qh7 $14) 39... Bc6 $2 $138 (39... Qd7 $142 $13) 40. Nc2 $1 {That's it!
With only 21 seconds left on the clock I found this crashing move.} Qf8 41.
Nxb4 axb4 (41... Bxg2+ 42. Kg1 axb4 (42... Rg4 43. Qc7+ Ka8 44. Qc8+ Qxc8 45.
Rxc8+ Ka7 46. Nb5+ Kb7 47. Rc7+ Ka8 48. Ra7+ Kb8 49. Na6+ Kc8 50. Nd6+ Kd8 51.
Nf7+ Ke8 52. Nxh6 $18) 43. Qa6 $1) 42. Kg1 $1 {For the second time in my
career I finished a game with the move Kh1-Kg1 with both queens on the board.}
(42. Kg1 Bxg2 43. Qa6 $1 Rf1+ 44. Rxf1 Qxf1+ 45. Qxf1 Bxf1 46. Kxf1 b3 47. Nc4
Kc7 48. Ke2 Kc6 49. Kd3 h5 50. Kc3 $18) (42. h3 Bxg2+ 43. Kxg2 Rf2+ 44. Kg1 Qf3
45. Qc8+ Ka7 46. Nb5#) 1-0

[Event "Bayern-chI Bank Hofmann 10th"]
[Site "Bad Wiessee"]
[Date "2006.11.06"]
[Round "3"]
[White "Cordts, Ingo"]
[Black "Prusikin, Michael"]
[Result "0-1"]
[WhiteElo "2324"]
[BlackElo "2560"]
[Annotator "CB"]
[PlyCount "62"]
[EventDate "2006.11.04"]
[EventType "swiss"]
[EventRounds "9"]
[EventCountry "GER"]
[SourceTitle "EXT 2007"]
[Source "ChessBase"]
[SourceDate "2006.11.23"]
[SourceVersion "1"]
[SourceVersionDate "2006.11.23"]
[SourceQuality "1"]

1. e4 e6 2. Nc3 d5 3. d4 Nf6 4. Bg5 Be7 5. e5 Nfd7 6. h4 {Der
Aljechin-Chatard- Angriff. Weiss opfert einen Bauern, um ein starkes
Angriffsspiel am Koenigsfluuegel zu erhalten. Aber Schwarz kann das Opfer auch
gut ablehnen und selbst aktiv werden.} c5 $5 7. Bxe7 Kxe7 (7... Qxe7 {gilt als
schwaecher, da Schwarz nach} 8. Nb5 {unter weit schlechteren Rahmenbedingungen
auf die Rochade verzichten muss.}) 8. Qg4 Nc6 ({Schlecht ist} 8... cxd4 {wegen}
9. Qg5+ Ke8 10. Qxg7 {mit klaremVorteil fuer Weiss.}) 9. dxc5 Ndxe5 10. Qxg7
Rg8 11. Qxh7 Bd7 {Es gibt nicht Neues mehr unter der Sonne. Selbst zu dieser
Stellung gibt es einen Vorlaeufer - allerdings steckten die Analysemodule
damals noch in den Kinderschuhen. Eine korrekte faellt Einschaetzung schwer.
Schwarz hat fuer die beiden Bauern grossen Entwicklungsvorsprung. - Fast jede
seiner figuren steht guenstiger als ihr Gegenueber. Deshalb hat er trotz
seines luftigen Koenigs sicher nicht die schlechtere Koenigsstellung. Da die
meisten Spieler sich im Angriff wohler fuehlen, wuerden sie sicher Schwarz
bevorzugen.} 12. Qh6 (12. O-O-O Qa5 13. Qh6 Rg6 14. Qe3 Ng4 15. Qe1 Kf8 16. f3
Nf6 17. Nh3 Qxc5 18. Kb1 d4 19. Ne4 Nxe4 20. Qxe4 f5 21. Qe1 e5 22. Ng5 Nb4 23.
c3 Ba4 24. Rc1 Nd5 25. cxd4 Qxd4 26. Rc4 Qd1+ 27. Qxd1 Bxd1 28. Bd3 Ne3 29. Rc1
Ba4 30. g4 Rd6 31. Bxf5 Bc6 32. Rhe1 Nxf5 33. gxf5 Rf6 {1-0 Benjamin,
J-Seirawan,Y/Los Angeles 1991/CBM 025}) 12... Qa5 13. Qd2 Qxc5 {Schwarz hat
einen Bauern zurueckgewonnen.} 14. O-O-O d4 $5 15. Na4 $5 {Springer am Rand
bringt Kummer und Schand! Aber dieser Zug ist nicht der Grund fuer die
spaetere Niederlage.} (15. Ne4 $6 Qd5 {sieht gefaehrlich fuer Weiss aus. Nach}
16. Qf4 Qxa2 17. Qf6+ Kf8 18. Qh6+ {hat Weiss bestenfalls Remis durch
Zugwiederholung, der Schwarz aber auch ausweichen kann.}) ({Auesserst
kompliziert wird das Spiel nach} 15. Nb5 {Der direkteste Angriffszug ist dann}
d3 (15... Rac8 {sieht auch nicht schlecht aus.}) 16. Nc3 Nb4 17. cxd3 (17. a3
Nxc2 18. f4 Nd4) 17... Nxa2+ 18. Kb1 Nxc3+ 19. Qxc3 Qxc3 20. bxc3 Rac8 {
Schwarz hat gute Kompensation, da er noch immer besser entwickelt ist, mehr
Raum hat und zentraler steht.}) 15... Qd5 16. b3 b5 17. Nb2 Qc5 18. Kb1 $5 ({
Hier ist} 18. Ne2 {bestimmt eine gute Alternative. Denn Schwarz muss sich dann
Gedanken um seinen Bd4 machen.} Qa3 {ist vielleicht auch hier eine Option:} (
18... Rac8 19. Kb1 {Nun muss Schwarz auf} Qa3 {mit} 20. c3 {rechnen:} dxc3 21.
Nxc3 Nb4 22. Qd6+ $18 Kf6 (22... Ke8 23. Qxe5) 23. Nd5+ $18) 19. Kb1 {und die
Stellung aus der naechsten Anmerkung ist erreicht.} (19. Nxd4 Qxa2 (19... Nb4
20. Nf5+ $1 Kd8 (20... exf5 21. Qd6+ Kd8 22. Qxe5 $18) (20... Kf6 21. Nh6 {
mit der Drohung 22.Df4}) 21. Nd6 $16 Nd5 22. Nxb5 Qxa2 23. Qd4 Nc6 (23... Qa1+
24. Kd2 Qa5+ 25. Nc3 Rc8 26. Nc4 Nxc4+ 27. Bxc4 Nxc3 28. Qxc3 Qxc3+ 29. Kxc3
Rxg2 30. h5 $18 {Weiss hat einen soliden Mehrbauern und starke Initiative.}))
20. Nxc6+ Bxc6 21. Qd6+ Kf6 22. f4 Ng4 {mit sehr komplizierter Stellung.}))
18... Qa3 19. Nd3 $2 {Der erste und zugleich einzige Fehler von Weiss.} ({
Auch hier kam} 19. Ne2 {ernsthaft in Betracht. Der schwarze Angriff scheint
ins Stocken zu geraten.} Nb4 (19... Rac8 20. c3 {ist gut fuer Weiss - siehe
vorige Anmerkung.}) 20. Nc1 Rac8 21. Qxd4 Nd5 22. Rh3 $18 {Bei aufmerksamem
Spiel sollte Weiss gewinnen.}) 19... Nxd3 20. cxd3 Nb4 21. Qb2 Qa5 22. Nf3 Rac8
23. Rd2 (23. Nxd4 Rg4 $1 {Die Drohung Txd4 ist entscheidet. Die schwarzen
Figuren brechen in die weisse Koenigsstellung ein.} 24. a3 (24. Rd2 Rxd4 25.
Qxd4 Nxa2 26. Rxa2 Qe1+ 27. Kb2 Qc1#) 24... Rxd4 25. Qxd4 Nc2 26. Qg7 Nxa3+ 27.
Ka1 Rc2 {Weiss hat offensichtlich kein Dauerschach und wird mattgesetzt.})
23... Rc3 24. a3 {Diagramm #} Rgc8 25. Nxd4 (25. axb4 Qxb4 26. Ka2 R8c6 27.
Nxd4 Qxd4) 25... Rc1+ 26. Qxc1 Rxc1+ 27. Kxc1 Qxa3+ 28. Kb1 e5 29. Nc2 Qxb3+
30. Kc1 Na2+ 31. Kd1 Nc3+ {Ein schneidiger Angriff des Bindlacher
Bundesliga-Spielers. Bestimmt hat er die Partie schon genauestens unter die
Lupe genommen und die eine oder andere Verstaerkung fuer Sghwarz in petto.} 0-1

[Event "Edmonton 9th"]
[Site "Edmonton"]
[Date "2014.06.25"]
[Round "5"]
[White "Ivanchuk, Vassily"]
[Black "Pechenkin, Vladimir"]
[Result "1-0"]
[WhiteElo "2738"]
[BlackElo "2311"]
[Annotator "CB"]
[PlyCount "67"]
[EventDate "2014.06.21"]
[EventType "tourn"]
[EventRounds "9"]
[EventCountry "CAN"]
[EventCategory "10"]
[SourceTitle "CBM 161 Extra"]
[Source "ChessBase"]
[SourceDate "2014.08.29"]
[SourceVersion "1"]
[SourceVersionDate "2014.08.29"]
[SourceQuality "1"]

1. e4 e6 2. d4 d5 3. Nc3 Nf6 4. Bg5 Be7 5. e5 Nfd7 6. Bxe7 Qxe7 7. f4 a6 8. Nf3
Nb6 9. Qd2 Bd7 10. Bd3 c5 11. Qe3 cxd4 12. Qxd4 Qd8 (12... Nc8 13. O-O-O Nc6
14. Qe3 Qb4 15. Ne2 N8e7 16. Kb1 b6 17. c3 Qc5 18. Ned4 Na5 19. g4 Nc4 20. Qe1
Qc8 21. f5 exf5 22. e6 fxe6 23. gxf5 O-O 24. fxe6 Be8 25. Bxh7+ Kxh7 26. Qh4+
Kg8 27. Qxe7 Bg6+ 28. Ka1 Rf6 29. Rhg1 Qc5 30. Qxf6 gxf6 31. Rxg6+ Kh7 32. Rdg1
Ra7 33. Nf5 Kh8 34. e7 {1-0 (34) Artemiev,V (2570)-Andersen,M (2496) Yerevan
2014}) 13. a3 $5 {Ivanchuk knows he cannot prevent Nc6 which gains a tempo
against his queen, so plays the text to prevent a further Nb4, harassing his
bishop.} Nc6 14. Qf2 h6 15. O-O O-O 16. Rae1 Nc8 17. Na4 $1 {You have to love
this move because of its sneakiness. On the surface it looks like a fairly
normal maneuver to c5 for the knight, but it also lays a nasty trap. The
problem is that there may not be a way to decline it.} Nxe5 {At first glance
this might seem to 'win' a pawn, but against a player of Ivanchuk's stature, a
first glance is rarely if ever enough.} ({The only logical way to prevent Nc5
without playing the text, is} 17... b6 {However this opens a whole other can
of worms since now White can launch a full-scale assault with} 18. g4 $1 {
followed by ...f5 and Black is in trouble.}) 18. Nxe5 Bxa4 19. f5 $1 {White
could not be happier. Not only has he decoyed one of Black's pieces from the
center to the queenside, but he has a heavy piece advantage on the kingside.}
Qb6 {This was always the idea behind Nc8, but White is not terribly interested
in exchanging off the queens.} 20. Re3 $1 exf5 21. Qxf5 $1 Qxe3+ {Black will
hold this extra material for exactly one move since..} 22. Kh1 {he has no way
to prevent mate other than by giving up the queen. Forced, since other moves
lead to a quick demise.} Qxd3 ({Ex:} 22... g6 23. Nxg6 f6 (23... fxg6 24. Qxf8+
Kh7 25. Rf7#) (23... Qg5 24. Ne7+ Nxe7 25. Qh7#)) 23. cxd3 Ne7 24. Qg4 Bc6 {
White has some work to do to convert the point, but Ivanchuk has never been
accused of lacking technique.} 25. h4 Ng6 {Black is inviting White to take on
g6 and win a pawn, but in fact taking would be a serious mistake.} 26. Nxc6 ({
After} 26. Nxg6 $6 fxg6 27. Rxf8+ Rxf8 28. Qxg6 {Black threatens not only a
fortress, but also threats against White's king. It might still win but the
road is not trivial.}) 26... bxc6 27. Re1 Ra7 {Trying to not only prevent a
queen penetration on d7, but secure a square on e7 for the knight in case of h5
} 28. Re3 Ne7 29. Rg3 {Forcing Black to create some weaknesses} g6 30. h5 Kh7
31. Qd4 {Attacking the rook on a7 and gaining a tempo to bring the queen to f6
with deadly effect.} Rb7 32. Qf6 g5 33. b4 Rc7 34. Re3 {Black resigned because
he will soon be in zugzwang.} ({After} 34. Re3 Nc8 (34... Ng8 35. Qf5+ Kg7 36.
Qe5+ Nf6 37. Qxc7) 35. Kg1 Nb6 36. Qd6 Rfc8 37. Re7 Rxe7 38. Qxe7 Kg7 39. Qb7)
1-0